Les scores en phase de poule de la Coupe du Monde 2022 - Statistiques

Statistiques générales
  • Ce quiz a été pris 322 fois
  • Le résultat moyen est 31 sur 48
Statistiques - réponses
Score Match % Correct
0-2 Qatar-Équateur
96%
1-2 Argentine-Arabie saoudite
87%
4-1 France-Australie
86%
7-0 Espagne-Costa Rica
80%
0-0 Maroc-Croatie
79%
1-2 Allemagne-Japon
79%
0-2 Sénégal-Pays -Bas
78%
6-2 Angleterre-Iran
78%
0-0 Danemark-Tunisie
77%
1-1 États-Unis-Pays de Galles
77%
2-1 France-Danemark
77%
2-0 Brésil-Serbie
75%
0-0 Mexique-Pologne
74%
1-0 Belgique-Canada
74%
2-0 Argentine-Mexique
72%
1-0 Tunisie-France
71%
0-1 Tunisie-Australie
70%
0-2 Belgique-Maroc
70%
1-3 Qatar-Sénégal
70%
3-2 Portugal-Ghana
70%
1-0 Suisse-Cameroun
68%
0-0 Uruguay-Corée du Sud
67%
0-0 Angleterre-États-Unis
67%
1-1 Espagne-Allemagne
67%
2-0 Pologne-Arabie saoudite
67%
0-1 Japon-Costa Rica
65%
1-1 Pays-Bas-Équateur
63%
1-0 Brésil-Suisse
60%
0-2 Pays de Galles-Iran
59%
2-0 Pays-Bas-Qatar
59%
1-0 Australie-Danemark
57%
2-0 Portugal-Uruguay
57%
0-1 Iran-États-Unis
56%
0-2 Pologne-Argentine
56%
1-2 Équateur-Sénégal
56%
1-2 Canada-Maroc
56%
4-1 Croatie-Canada
56%
2-1 Japon-Espagne
55%
1-0 Cameroun-Brésil
54%
1-2 Arabie saoudite-Mexique
54%
2-4 Costa Rica-Allemagne
53%
3-3 Cameroun-Serbie
53%
0-0 Croatie-Belgique
51%
0-3 Pays de Galles-Angleterre
51%
2-1 Corée du Sud-Portugal
49%
2-3 Corée du Sud-Ghana
49%
0-2 Ghana-Uruguay
44%
2-3 Serbie-Suisse
44%
Aucun quiz correspondant
Distribution des résultats
% des personnes avec chaque résultat
Percentile par nombre de réponses
Votre historique - résultats
Vous n’avez pas pris ce quiz